[Event "FBL 1"]
[Site "Deutschland"]
[Date "2010.01.17"]
[Round "5.5"]
[White "Tammert, Iamze"]
[Black "Mira, Helene"]
[Result "1/2-1/2"]
[WhiteElo "2277"]
[BlackElo "2125"]
[PlyCount "54"]
[EventDate "2009.11.07"]
[EventType "team"]
[EventCountry "GER"]
[WhiteTeam "OSG - SG Baden-Baden 1922"]
[BlackTeam "Karlsruher SF 1853"]

1. c4 e6 2. Nf3 f5 3. Nc3 Nf6 4. g3 b6 5. Bg2 Bb7 6. O-O Bb4 7. Qb3 Bxc3 8.
bxc3 O-O 9. a4 Qc8 10. a5 Nc6 11. axb6 axb6 12. Rxa8 Qxa8 13. d3 Ne5 14. Nh4
Bxg2 15. Nxg2 Qc6 16. Bf4 Ng6 17. Bg5 Ra8 18. Nf4 Qa4 19. Qb4 Qxb4 20. cxb4
Nxf4 21. Bxf4 d6 22. Rc1 e5 23. Bg5 Nd7 24. Be3 Kf7 25. c5 bxc5 26. bxc5 Ke6
27. cxd6 cxd6 1/2-1/2

[Event "FBL 1"]
[Site "Deutschland"]
[Date "2010.01.17"]
[Round "5.6"]
[White "Juszczak, Anna"]
[Black "Mietzner, Tina"]
[Result "0-1"]
[WhiteElo "2035"]
[BlackElo "2246"]
[PlyCount "94"]
[EventDate "2009.11.07"]
[EventType "team"]
[EventCountry "GER"]
[WhiteTeam "Karlsruher SF 1853"]
[BlackTeam "OSG - SG Baden-Baden 1922"]

1. d4 d5 2. c4 e6 3. Nc3 c6 4. Nf3 dxc4 5. a4 Bb4 6. e4 Nf6 7. Qc2 Qa5 8. Bd2
b5 9. Be2 Qb6 10. O-O a5 11. e5 Nd5 12. Ne4 Na6 13. Bxb4 Naxb4 14. Nd6+ Ke7 15.
Qe4 Ba6 16. Qh4+ f6 17. Qe4 c3 18. Ra3 cxb2 19. Re1 f5 20. Qb1 bxa4 21. Bxa6
Nxa6 22. Re2 Rhb8 23. Nc4 Qb5 24. Rc2 Nab4 25. Nd6 Nxc2 26. Nxb5 Rxb5 27. Rd3
Nf4 28. Nd2 Nxd3 29. Qxc2 Nf4 30. Nb1 Ra6 31. g3 Nd5 32. Qxa4 Nb6 33. Qc2 Nd7
34. Qd2 a4 35. Qg5+ Kf7 36. Qh5+ Kg8 37. Qe8+ Nf8 38. Qc8 Rab6 39. Qa8 Rb4 40.
Qa7 Rb7 41. Qa6 Rd7 42. Qxc6 Rdxd4 43. Qc2 Rdc4 44. Qd2 Rc1+ 45. Kg2 Rb3 46.
Na3 b1=Q 47. Nxb1 Rcxb1 0-1

[Event "FBL 1"]
[Site "Deutschland"]
[Date "2010.01.17"]
[Round "5.1"]
[White "Paehtz, Elisabeth"]
[Black "Gaponenko, Inna"]
[Result "1/2-1/2"]
[WhiteElo "2482"]
[BlackElo "2455"]
[PlyCount "69"]
[EventDate "2009.11.07"]
[EventType "team"]
[EventCountry "GER"]
[WhiteTeam "SC Bad Königshofen 1957"]
[BlackTeam "Rodewischer Schachmiezen"]

1. e4 c5 2. d3 Nc6 3. g3 g6 4. Bg2 Bg7 5. f4 e6 6. Nf3 Nge7 7. O-O O-O 8. c3 b6
9. Na3 Ba6 10. Re1 Rc8 11. Nc2 d6 12. Be3 Rc7 13. Bf2 e5 14. Ne3 Bc8 15. fxe5
dxe5 16. c4 Nd4 17. Nxd4 cxd4 18. Nd5 Nxd5 19. exd5 Qd6 20. Qd2 f5 21. Rac1 h5
22. b4 Kh7 23. Qb2 Bh6 24. Rc2 Rff7 25. c5 bxc5 26. bxc5 Rxc5 27. Rxc5 Qxc5 28.
Rxe5 Bg7 29. Re1 Bb7 30. Rc1 Qd6 31. Bxd4 Bxd5 32. Bxg7 Rxg7 33. Qd4 Rd7 34.
Rc8 Bg8 35. Qxd6 1/2-1/2

[Event "FBL 1"]
[Site "Deutschland"]
[Date "2010.01.17"]
[Round "5.2"]
[White "Vasilevich, Tatjana"]
[Black "Ovod, Evgenija"]
[Result "1/2-1/2"]
[WhiteElo "2424"]
[BlackElo "2419"]
[PlyCount "145"]
[EventDate "2009.11.07"]
[EventType "team"]
[EventCountry "GER"]
[WhiteTeam "Rodewischer Schachmiezen"]
[BlackTeam "SC Bad Königshofen 1957"]

1. Nf3 d5 2. c4 c6 3. g3 Nf6 4. Bg2 dxc4 5. Qc2 b5 6. a4 Bb7 7. O-O e6 8. Nc3
a6 9. e3 Nbd7 10. Nd4 Qc8 11. f4 Bc5 12. Nf3 O-O 13. h3 Qc7 14. Kh2 e5 15. b3
cxb3 16. Qxb3 Bd6 17. axb5 cxb5 18. Ba3 exf4 19. gxf4 Bxa3 20. Qxa3 Nb6 21. Rf2
Nc4 22. Qb4 Qd6 23. Rb1 Ne4 24. Nxe4 Bxe4 25. Qxd6 Nxd6 26. Rb4 a5 27. Rd4 Rfd8
28. Ne5 Bxg2 29. Kxg2 Nc4 30. Rxd8+ Rxd8 31. Nxc4 bxc4 32. Kf3 f5 33. Rf1 Rxd2
34. Rc1 Kf7 35. Rxc4 Ke6 36. Rc5 Rd5 37. Rc6+ Rd6 38. Rc7 Rd7 39. Rc6+ Rd6 40.
Rc7 Kf6 41. Ra7 Rd5 42. Ra6+ Kf7 43. Ke2 h5 44. h4 g6 45. Ra7+ Kf6 46. Ra6+ Kg7
47. Ra7+ Kh6 48. Kf3 Rb5 49. Kg3 Rb3 50. Kf3 Ra3 51. Kf2 Ra1 52. Kg2 a4 53. Kf2
a3 54. Kg3 a2 55. Kg2 Re1 56. Rxa2 Rxe3 57. Ra7 Rb3 58. Rc7 Rb8 59. Ra7 Rg8 60.
Kf3 Rg7 61. Rxg7 Kxg7 62. Ke3 Kf6 63. Kd4 Ke6 64. Kc4 Kd6 65. Kd4 Kd7 66. Kd5
Ke7 67. Ke5 Kf7 68. Kd5 Kf6 69. Kd6 Kf7 70. Kd5 Kf8 71. Ke5 Kg7 72. Kd5 Kf6 73.
Kd6 1/2-1/2

[Event "FBL 1"]
[Site "Deutschland"]
[Date "2010.01.17"]
[Round "5.3"]
[White "Zakurdjaeva, Irina"]
[Black "Pokorna, Regina"]
[Result "0-1"]
[WhiteElo "2323"]
[BlackElo "2382"]
[PlyCount "56"]
[EventDate "2009.11.07"]
[EventType "team"]
[EventCountry "GER"]
[WhiteTeam "SC Bad Königshofen 1957"]
[BlackTeam "Rodewischer Schachmiezen"]

1. e4 e5 2. Nf3 Nc6 3. Bb5 a6 4. Ba4 Nf6 5. O-O Be7 6. Re1 b5 7. Bb3 O-O 8. h3
Bb7 9. c3 d5 10. exd5 Nxd5 11. d3 Qd6 12. a4 b4 13. Nbd2 bxc3 14. Nc4 Qd8 15.
Ncxe5 Bb4 16. Nxc6 Bxc6 17. Ne5 Bb7 18. Re4 a5 19. Qh5 Ra6 20. Rh4 h6 21. Ng4
Be7 22. g3 Bxh4 23. gxh4 Nf6 24. Nxh6+ gxh6 25. Qg6+ Kh8 26. Qxh6+ Nh7 27. Qh5
Rg6+ 28. Bg5 Qxd3 0-1

[Event "FBL 1"]
[Site "Deutschland"]
[Date "2010.01.17"]
[Round "5.4"]
[White "Rudolf, Anna"]
[Black "Nemcova, Katrin"]
[Result "1-0"]
[WhiteElo "2295"]
[BlackElo "2258"]
[PlyCount "115"]
[EventDate "2009.11.07"]
[EventType "team"]
[EventCountry "GER"]
[WhiteTeam "Rodewischer Schachmiezen"]
[BlackTeam "SC Bad Königshofen 1957"]

1. e4 c5 2. Nf3 e6 3. d4 cxd4 4. Nxd4 a6 5. Bd3 Bc5 6. Nb3 Ba7 7. O-O Nc6 8.
Qe2 d6 9. Be3 e5 10. Nc3 Nge7 11. Bxa7 Rxa7 12. Qe3 Be6 13. Rad1 Qb8 14. f4
exf4 15. Rxf4 O-O 16. Nd5 Ng6 17. Rff1 b5 18. c3 Re8 19. Qg3 Rd7 20. h4 Kh8 21.
h5 Nge5 22. h6 Rg8 23. Qf4 f5 24. Bb1 g5 25. Qd2 Qa7+ 26. Nd4 f4 27. Nf6 Rg6
28. Nxd7 Bxd7 29. g3 Bg4 30. Kg2 Bxd1 31. Rxd1 Rxh6 32. Rh1 f3+ 33. Kg1 Nxd4
34. cxd4 Rxh1+ 35. Kxh1 Qf7 36. dxe5 f2 37. Bd3 f1=Q+ 38. Bxf1 Qxf1+ 39. Kh2
dxe5 40. Qd8+ Kg7 41. Qxg5+ Kf7 42. Qxe5 Kg6 43. Qe6+ Kg5 44. Qe7+ Kg6 45. Qd6+
Kg5 46. Qd8+ Kg6 47. Qb6+ Kg5 48. Qe3+ Kg6 49. e5 Qb1 50. Qb6+ Kh5 51. Qf2 Qxa2
52. Qf5+ Kh6 53. Qf6+ Kh5 54. e6 Qc4 55. Qf5+ Kh6 56. Kh3 Qb4 57. Qf6+ Kh5 58.
Qe5+ 1-0

[Event "FBL 1"]
[Site "Deutschland"]
[Date "2010.01.17"]
[Round "5.5"]
[White "Schoene, Maria"]
[Black "Steinbacher, Claudia"]
[Result "1-0"]
[WhiteElo "2265"]
[BlackElo "2158"]
[PlyCount "51"]
[EventDate "2009.11.07"]
[EventType "team"]
[EventCountry "GER"]
[WhiteTeam "SC Bad Königshofen 1957"]
[BlackTeam "Rodewischer Schachmiezen"]

1. e4 c5 2. Nf3 a6 3. Nc3 b5 4. d4 cxd4 5. Nxd4 Bb7 6. Bd3 e5 7. Nf5 g6 8. Ne3
Ne7 9. Ng4 Bg7 10. Bg5 Qb6 11. Bxe7 Kxe7 12. Ne3 Qa5 13. a4 b4 14. Ncd5+ Bxd5
15. Nxd5+ Kf8 16. O-O Nc6 17. Bc4 Nd4 18. c3 bxc3 19. bxc3 Ne6 20. Rb1 Qc5 21.
Nb6 Ke7 22. Qxd7+ Kf6 23. Bxe6 fxe6 24. Nxa8 Rxa8 25. Rb7 Qf8 26. f4 1-0

[Event "FBL 1"]
[Site "Deutschland"]
[Date "2010.01.17"]
[Round "5.6"]
[White "Winkelmann, Elena"]
[Black "Melnikova, Yana"]
[Result "1/2-1/2"]
[WhiteElo "2119"]
[BlackElo "2288"]
[PlyCount "107"]
[EventDate "2009.11.07"]
[EventType "team"]
[EventCountry "GER"]
[WhiteTeam "Rodewischer Schachmiezen"]
[BlackTeam "SC Bad Königshofen 1957"]

1. d4 Nf6 2. c4 g6 3. Nc3 Bg7 4. e4 d6 5. Bd3 c5 6. d5 O-O 7. h3 e6 8. Nf3 exd5
9. exd5 Nfd7 10. O-O Ne5 11. Nxe5 Bxe5 12. f4 Bd4+ 13. Kh2 f5 14. Bd2 Na6 15.
a3 Nc7 16. Ra2 a6 17. b4 b6 18. Qb3 Bd7 19. Ne2 Bf6 20. bxc5 bxc5 21. Qb6 Ne8
22. Rb1 Qxb6 23. Rxb6 Bd8 24. Rb7 Bc8 25. Rb1 Nf6 26. Bc3 Kf7 27. Ng3 h5 28.
Re2 Ra7 29. Rb8 Bc7 30. Rb1 Bd7 31. Nf1 Re8 32. Rxe8 Bxe8 33. Nd2 Ba4 34. Re1
Nh7 35. g4 hxg4 36. hxg4 Bd7 37. Kg3 fxg4 38. Rh1 Nf6 39. Bxf6 Kxf6 40. Ne4+
Kg7 41. Ng5 Bd8 42. Rh7+ Kg8 43. Rh6 Bxg5 44. Rxg6+ Kf7 45. Rxg5 Rb7 46. Bf5
Bxf5 47. Rxf5+ Kg6 48. Kxg4 Rb1 49. Rf8 Rg1+ 50. Kf3 Rc1 51. Rd8 Kf5 52. Rf8+
Kg6 53. Rd8 Kf5 54. Rf8+ 1/2-1/2

[Event "FBL 1"]
[Site "Deutschland"]
[Date "2010.01.17"]
[Round "5.1"]
[White "Kludacz, Magdalena"]
[Black "Kononenko, Tatiana"]
[Result "1/2-1/2"]
[WhiteElo "2202"]
[BlackElo "2377"]
[PlyCount "42"]
[EventDate "2009.11.07"]
[EventType "team"]
[EventCountry "GER"]
[WhiteTeam "SAV Torgelow"]
[BlackTeam "USV Halle"]

1. d4 d5 2. c4 c6 3. Nf3 Nf6 4. Qc2 dxc4 5. Qxc4 Bg4 6. Ne5 Be6 7. Qd3 Nbd7 8.
Nf3 Bg4 9. g3 e6 10. Nc3 Qb6 11. Bg2 Rd8 12. Qc4 Be7 13. O-O O-O 14. e4 Qb4 15.
Qxb4 Bxb4 16. h3 Bh5 17. g4 Bg6 18. Nh4 Rfe8 19. Nxg6 hxg6 20. g5 Nh7 21. Rd1
e5 1/2-1/2

[Event "FBL 1"]
[Site "Deutschland"]
[Date "2010.01.17"]
[Round "5.2"]
[White "Madl, Ildiko"]
[Black "Jakubiec, Edyta"]
[Result "1/2-1/2"]
[WhiteElo "2390"]
[BlackElo "2185"]
[PlyCount "77"]
[EventDate "2009.11.07"]
[EventType "team"]
[EventCountry "GER"]
[WhiteTeam "USV Halle"]
[BlackTeam "SAV Torgelow"]

1. e4 c5 2. Nf3 d6 3. d4 cxd4 4. Nxd4 Nf6 5. Nc3 a6 6. g3 e5 7. Nb3 b5 8. a4 b4
9. Nd5 Nxe4 10. Bg2 f5 11. Nd2 Nxd2 12. Qxd2 Ra7 13. Qxb4 Nc6 14. Nf6+ gxf6 15.
Bxc6+ Bd7 16. Bd5 Rc7 17. Qb3 Bc6 18. Bxc6+ Rxc6 19. Qe6+ Be7 20. Qxf5 Qa5+ 21.
c3 Rxc3 22. O-O Rc7 23. b4 Qd5 24. Bh6 Kf7 25. Rac1 Rhc8 26. Rcd1 Qb3 27. Qxh7+
Ke8 28. Qg6+ Kd7 29. Qf5+ Ke8 30. Rb1 Qxa4 31. Qg6+ Kd7 32. Qf5+ Ke8 33. Be3
Qc2 34. Qh5+ Kd7 35. Ra1 Rc6 36. Rfd1 Qe4 37. Bc5 Ke6 38. f3 Qf5 39. Qxf5+
1/2-1/2

[Event "FBL 1"]
[Site "Deutschland"]
[Date "2010.01.17"]
[Round "5.3"]
[White "Kunze, Kerstin"]
[Black "Melamed, Tatiana"]
[Result "1/2-1/2"]
[WhiteElo "2147"]
[BlackElo "2312"]
[PlyCount "31"]
[EventDate "2009.11.07"]
[EventType "team"]
[EventCountry "GER"]
[WhiteTeam "SAV Torgelow"]
[BlackTeam "USV Halle"]

1. d4 Nf6 2. g3 g6 3. Bg2 Bg7 4. e4 d6 5. Ne2 O-O 6. O-O e5 7. dxe5 dxe5 8.
Qxd8 Rxd8 9. Nbc3 c6 10. Be3 Na6 11. Rad1 Re8 12. f3 Bf8 13. Nc1 Nc7 14. Nd3
Nd7 15. Bh3 Ne6 16. Ne2 1/2-1/2

[Event "FBL 1"]
[Site "Deutschland"]
[Date "2010.01.17"]
[Round "5.4"]
[White "Sharevich, Anna"]
[Black "Chlost, Marlena"]
[Result "1-0"]
[WhiteElo "2252"]
[BlackElo "2171"]
[PlyCount "95"]
[EventDate "2009.11.07"]
[EventType "team"]
[EventCountry "GER"]
[WhiteTeam "USV Halle"]
[BlackTeam "SAV Torgelow"]

1. d4 d5 2. c4 e6 3. g3 c5 4. Nf3 Nc6 5. cxd5 exd5 6. Nc3 Nf6 7. Bg2 Be7 8. O-O
O-O 9. Bg5 c4 10. Ne5 Be6 11. Bf4 Qa5 12. Qd2 Qb4 13. Rfd1 Rfd8 14. h3 Rac8 15.
g4 Ne8 16. Nxc6 bxc6 17. Bg3 a5 18. Qc2 Nd6 19. Na4 Rb8 20. Rab1 Rf8 21. Nc5
Bc8 22. a3 Qb5 23. b3 c3 24. Qxc3 f5 25. Qe3 Rf7 26. g5 f4 27. Bxf4 Bf5 28.
Rbc1 Rbf8 29. Bg3 Bc8 30. h4 Nf5 31. Qd3 Qb6 32. Na4 Qb7 33. Nc5 Qb6 34. Rf1
Qd8 35. b4 axb4 36. axb4 Nxg3 37. fxg3 Bf5 38. Rxf5 Rxf5 39. Ne6 Qd6 40. Nxf8
Rxf8 41. Rb1 Bd8 42. b5 c5 43. dxc5 Qxc5+ 44. Kh1 d4 45. b6 Qc3 46. Be4 g6 47.
Kg2 Kg7 48. Qb5 1-0

[Event "FBL 1"]
[Site "Deutschland"]
[Date "2010.01.17"]
[Round "5.5"]
[White "Timme, Karin"]
[Black "Straub, Natalia"]
[Result "1/2-1/2"]
[WhiteElo "2093"]
[BlackElo "2225"]
[PlyCount "32"]
[EventDate "2009.11.07"]
[EventType "team"]
[EventCountry "GER"]
[WhiteTeam "SAV Torgelow"]
[BlackTeam "USV Halle"]

1. d4 Nf6 2. c4 g6 3. Nc3 Bg7 4. e4 d6 5. h3 O-O 6. Nf3 e5 7. d5 a5 8. Bg5 Na6
9. g4 Nc5 10. Nd2 Bd7 11. Qf3 h6 12. Be3 Ne8 13. Qg3 c6 14. Be2 Nc7 15. f4 N7a6
16. a3 a4 1/2-1/2

[Event "FBL 1"]
[Site "Deutschland"]
[Date "2010.01.17"]
[Round "5.6"]
[White "Eckhardt, Claudia"]
[Black "Hippe, Franziska"]
[Result "1/2-1/2"]
[WhiteElo "2173"]
[BlackElo "1950"]
[PlyCount "68"]
[EventDate "2009.11.07"]
[EventType "team"]
[EventCountry "GER"]
[WhiteTeam "USV Halle"]
[BlackTeam "SAV Torgelow"]

1. d4 Nf6 2. Nf3 g6 3. g3 Bg7 4. Bg2 d6 5. O-O O-O 6. c4 Nc6 7. d5 Nb8 8. Nc3
e5 9. e4 Nbd7 10. Rb1 Ne8 11. Bd2 h6 12. Qc1 Kh7 13. Nh4 Nc5 14. Qc2 a5 15. b3
Bf6 16. Nf3 Bg7 17. Ne1 f5 18. Nd3 Nxd3 19. Qxd3 f4 20. f3 g5 21. g4 Nf6 22. h3
h5 23. Kf2 Rh8 24. Rh1 Kg6 25. Ke2 Qf8 26. Rbg1 hxg4 27. hxg4 Bd7 28. Rxh8 Qxh8
29. Rh1 Qc8 30. Kd1 a4 31. b4 Qb8 32. a3 Qa7 33. Kc2 Qf2 34. Qf1 Qd4 1/2-1/2

[Event "FBL 1"]
[Site "Deutschland"]
[Date "2010.01.17"]
[Round "5.1"]
[White "Paulet, Iozefina"]
[Black "Ohme, Melanie"]
[Result "0-1"]
[WhiteElo "2320"]
[BlackElo "2310"]
[PlyCount "156"]
[EventDate "2009.11.07"]
[EventType "team"]
[EventCountry "GER"]
[WhiteTeam "SK Großlehna"]
[BlackTeam "SC Leipzig-Gohlis"]

1. e4 c5 2. Nc3 Nc6 3. Nf3 d6 4. d4 cxd4 5. Nxd4 Nf6 6. Bc4 Qb6 7. Nb3 e6 8.
Bf4 Ne5 9. Be2 Be7 10. Be3 Qc7 11. f4 Nc6 12. O-O O-O 13. g4 d5 14. e5 Nd7 15.
Nb5 Qb8 16. g5 b6 17. Bd3 g6 18. N5d4 Qc7 19. Rf3 Nb4 20. Rh3 Nxd3 21. cxd3 Bb7
22. Qg4 Nc5 23. Rh6 Kg7 24. Rf1 Qd7 25. Rf3 Rh8 26. Rfh3 Qe8 27. Bd2 Rc8 28.
Qh4 Qg8 29. Nb5 Nxb3 30. axb3 Rc2 31. Bc3 d4 32. Nxd4 Bc5 33. b4 Bxd4+ 34. Bxd4
Bg2 35. f5 Bxh3 36. f6+ Kf8 37. Qe4 Bg2 38. Qe3 Ke8 39. Bc3 Kd7 40. Qd4+ Bd5
41. b5 Qc8 42. Qa4 Rg2+ 43. Kf1 Qb7 44. Qb4 Qc7 45. Rh4 Qc5 46. Qxc5 bxc5 47.
Ra4 Ra8 48. Rh4 Rxg5 49. Rxh7 Rf8 50. d4 Bc4+ 51. Kf2 Rh5 52. Rg7 Bxb5 53. dxc5
Ke8 54. c6 Bxc6 55. Ke3 Rh4 56. Bd4 a6 57. Kd3 Bd5 58. Kc3 Rfh8 59. Bg1 R4h7
60. Be3 Rh3 61. Kd4 R8h4+ 62. Kd3 Bc4+ 63. Kd2 Rxh2+ 64. Kc3 R2h3 65. Kd2 Rg4
66. Rg8+ Kd7 67. Rf8 Rg2+ 68. Kc3 Rxe3+ 69. Kd4 Rh3 70. Kc5 Bb3 71. Rxf7+ Ke8
72. Rb7 Rc2+ 73. Kb6 Bd5 74. Rb8+ Kf7 75. Kxa6 Rh1 76. b4 Ra1+ 77. Kb5 Ra8 78.
Rb6 g5 0-1

[Event "FBL 1"]
[Site "Deutschland"]
[Date "2010.01.17"]
[Round "5.2"]
[White "Fuchs, Judith"]
[Black "Karlovich, Anastasia"]
[Result "1/2-1/2"]
[WhiteElo "2188"]
[BlackElo "2201"]
[PlyCount "50"]
[EventDate "2009.11.07"]
[EventType "team"]
[EventCountry "GER"]
[WhiteTeam "SC Leipzig-Gohlis"]
[BlackTeam "SK Großlehna"]

1. e4 e5 2. Bc4 Bc5 3. Nf3 Nc6 4. d3 Nf6 5. c3 a6 6. Bb3 Ba7 7. O-O d6 8. Nbd2
O-O 9. Nc4 h6 10. Re1 Re8 11. Ne3 Ng4 12. h3 Nxe3 13. Bxe3 Qf6 14. Nh2 Be6 15.
Ng4 Qg6 16. Qf3 h5 17. Nh2 Bxb3 18. axb3 Rf8 19. Nf1 f5 20. exf5 Rxf5 21. Qd5+
Qf7 22. Qxf7+ Rxf7 23. Ng3 Raf8 24. Rf1 Bxe3 25. fxe3 g6 1/2-1/2

[Event "FBL 1"]
[Site "Deutschland"]
[Date "2010.01.17"]
[Round "5.3"]
[White "Kulovana, Eva"]
[Black "Beltz, Franziska"]
[Result "1-0"]
[WhiteElo "2287"]
[BlackElo "2132"]
[PlyCount "65"]
[EventDate "2009.11.07"]
[EventType "team"]
[EventCountry "GER"]
[WhiteTeam "SK Großlehna"]
[BlackTeam "SC Leipzig-Gohlis"]

1. e4 c5 2. Nf3 d6 3. d4 cxd4 4. Nxd4 Nf6 5. Nc3 a6 6. Be2 e6 7. O-O Nbd7 8. f4
b5 9. Bf3 Bb7 10. e5 Bxf3 11. Nxf3 dxe5 12. fxe5 Ng4 13. Qe1 Bc5+ 14. Kh1 Rc8
15. Qg3 h5 16. h3 Nf2+ 17. Rxf2 Bxf2 18. Qxf2 Rc4 19. Qg3 Kf8 20. Bg5 Qc7 21.
a3 f6 22. Bf4 g5 23. Nxg5 fxg5 24. Qxg5 Rg8 25. Qh6+ Rg7 26. Rf1 Kg8 27. Qxe6+
Kh8 28. Qe8+ Kh7 29. Qxh5+ Kg8 30. Bh6 Rg3 31. e6 Qc6 32. Qf7+ Kh8 33. Rf3 1-0

[Event "FBL 1"]
[Site "Deutschland"]
[Date "2010.01.17"]
[Round "5.4"]
[White "Ulms, Sandra"]
[Black "Voicu, Carmen"]
[Result "0-1"]
[WhiteElo "2127"]
[BlackElo "2285"]
[PlyCount "72"]
[EventDate "2009.11.07"]
[EventType "team"]
[EventCountry "GER"]
[WhiteTeam "SC Leipzig-Gohlis"]
[BlackTeam "SK Großlehna"]

1. d4 Nf6 2. c4 c5 3. d5 e6 4. Nc3 exd5 5. cxd5 d6 6. e4 g6 7. h3 Bg7 8. Nf3
O-O 9. Bd3 Nh5 10. O-O Nd7 11. Be3 Ne5 12. Nxe5 Bxe5 13. f4 Bg7 14. Qf3 Nf6 15.
Rae1 Nd7 16. Qf2 a6 17. e5 dxe5 18. f5 c4 19. Bxc4 gxf5 20. Qxf5 Nb6 21. Qd3
Nxc4 22. Qxc4 Bd7 23. Qb3 f5 24. Bc5 Rf7 25. Rf3 Rc8 26. Bb6 Qf8 27. Ref1 Rf6
28. Bf2 b5 29. Bg3 Rg6 30. Kh1 Rc4 31. Bf2 e4 32. Rg3 f4 33. Rxg6 hxg6 34. Qd1
Qd6 35. Ne2 e3 36. Bh4 f3 0-1

[Event "FBL 1"]
[Site "Deutschland"]
[Date "2010.01.17"]
[Round "5.5"]
[White "Lehmann, Christina"]
[Black "Bielicki, Birke"]
[Result "0-1"]
[WhiteElo "2095"]
[BlackElo "2192"]
[PlyCount "38"]
[EventDate "2009.11.07"]
[EventType "team"]
[EventCountry "GER"]
[WhiteTeam "SK Großlehna"]
[BlackTeam "SC Leipzig-Gohlis"]

1. a3 Nf6 2. c4 g6 3. Nc3 Bg7 4. g3 O-O 5. Bg2 d6 6. d3 Nc6 7. e4 e5 8. Nge2
Be6 9. O-O Nh5 10. h3 f5 11. exf5 gxf5 12. Nd5 Qd7 13. Kh2 f4 14. gxf4 Nxf4 15.
Nexf4 exf4 16. Be4 f3 17. Rg1 Kh8 18. Bxf3 Be5+ 19. Kh1 Bxd5 0-1

[Event "FBL 1"]
[Site "Deutschland"]
[Date "2010.01.17"]
[Round "5.6"]
[White "Mertens, Pauline"]
[Black "Skogvall, Martina"]
[Result "0-1"]
[WhiteElo "2011"]
[BlackElo "2100"]
[PlyCount "52"]
[EventDate "2009.11.07"]
[EventType "team"]
[EventCountry "GER"]
[WhiteTeam "SC Leipzig-Gohlis"]
[BlackTeam "SK Großlehna"]

1. e4 c5 2. Nf3 Nc6 3. d4 cxd4 4. Nxd4 Nf6 5. Nc3 e5 6. Ndb5 d6 7. Bg5 a6 8.
Na3 b5 9. Bxf6 gxf6 10. Nd5 f5 11. c3 Bg7 12. exf5 Bxf5 13. Nc2 O-O 14. Nce3
Be6 15. Bd3 f5 16. O-O Kh8 17. Bc2 Ra7 18. Qh5 Raf7 19. Rae1 b4 20. Ba4 Ne7 21.
Rd1 bxc3 22. Nxc3 Rf6 23. Ned5 Nxd5 24. Nxd5 Rh6 25. Qf3 Qh4 26. h3 Qxa4 0-1

[Event "FBL 1"]
[Site "Deutschland"]
[Date "2010.01.17"]
[Round "5.1"]
[White "Hess, Olena"]
[Black "Weng, Annegret"]
[Result "1/2-1/2"]
[WhiteElo "2180"]
[BlackElo "2162"]
[PlyCount "25"]
[EventDate "2009.11.07"]
[EventType "team"]
[EventCountry "GER"]
[WhiteTeam "SV Medizin Erfurt"]
[BlackTeam "SV Wolfbusch"]

1. Nf3 Nf6 2. c4 g6 3. Nc3 Bg7 4. e4 O-O 5. d4 c6 6. e5 Ne8 7. Bf4 d6 8. Be2
Bg4 9. O-O Bxf3 10. Bxf3 dxe5 11. dxe5 Nc7 12. Qb3 Ne6 13. Bg3 1/2-1/2

[Event "FBL 1"]
[Site "Deutschland"]
[Date "2010.01.17"]
[Round "5.2"]
[White "Haecker, Sonja"]
[Black "Mueller Ludwig, Kristin"]
[Result "1-0"]
[WhiteElo "2064"]
[BlackElo "2151"]
[PlyCount "79"]
[EventDate "2009.11.07"]
[EventType "team"]
[EventCountry "GER"]
[WhiteTeam "SV Wolfbusch"]
[BlackTeam "SV Medizin Erfurt"]

1. e4 e6 2. d4 d5 3. Nd2 Nf6 4. e5 Nfd7 5. f4 c5 6. c3 Nc6 7. Ndf3 Qb6 8. g3
cxd4 9. cxd4 a5 10. Ne2 a4 11. Bh3 a3 12. bxa3 Bxa3 13. O-O Ndb8 14. Kh1 Bd7
15. Qd3 Qa6 16. Qd2 Nb4 17. Nc3 Qc4 18. Rd1 O-O 19. Bf1 Qc7 20. Rb1 Bxc1 21.
Rdxc1 N4c6 22. Qb2 Na5 23. Nxd5 Qd8 24. Nb6 Ra7 25. Nxd7 Qxd7 26. Bg2 Nbc6 27.
Rd1 Nc4 28. Qc3 N6a5 29. Ng5 h6 30. Ne4 b6 31. Qd3 Rd8 32. Rb4 Rc7 33. Nc3 Qe7
34. Rbb1 Qa3 35. Nb5 Qxd3 36. Rxd3 Rcd7 37. Rc1 g5 38. Rdc3 Rc8 39. Bf1 Rd5 40.
a4 1-0

[Event "FBL 1"]
[Site "Deutschland"]
[Date "2010.01.17"]
[Round "5.3"]
[White "Troyke, Doreen"]
[Black "Jussupow, Ekaterina"]
[Result "0-1"]
[WhiteElo "2105"]
[BlackElo "2153"]
[PlyCount "120"]
[EventDate "2009.11.07"]
[EventType "team"]
[EventCountry "GER"]
[WhiteTeam "SV Medizin Erfurt"]
[BlackTeam "SV Wolfbusch"]

1. c4 e6 2. g3 d5 3. Bg2 Nf6 4. Nf3 dxc4 5. Qa4+ Nbd7 6. Qxc4 c5 7. Qb3 Rb8 8.
d3 Bd6 9. Nc3 a6 10. Ng5 b5 11. Nge4 Be5 12. O-O Qb6 13. Nxf6+ Nxf6 14. Ne4 Nd5
15. Bd2 Bb7 16. Rac1 Rc8 17. Nc3 O-O 18. a4 b4 19. Nxd5 Bxd5 20. Bxd5 exd5 21.
e4 a5 22. Rfe1 c4 23. dxc4 dxc4 24. Qc2 Rfd8 25. Be3 Qf6 26. f4 Bd4 27. e5 Qb6
28. Qe4 Bxe3+ 29. Qxe3 Qxe3+ 30. Rxe3 Rd2 31. Re4 Rxb2 32. Rexc4 Rxc4 33. Rxc4
Kf8 34. Rc5 b3 35. Rb5 Ke7 36. h3 Rb1+ 37. Kf2 b2 38. Kg2 Ke6 39. g4 g6 40. Kh2
Rf1 41. Rxb2 Rxf4 42. Rb6+ Kd7 43. e6+ fxe6 44. Rb7+ Kd6 45. Rxh7 Ke5 46. Kg3
Rxa4 47. Rf7 g5 48. Rf3 Ra1 49. Re3+ Kf6 50. Rf3+ Ke7 51. Re3 a4 52. Re5 a3 53.
Ra5 a2 54. Kg2 Kf6 55. Kh2 e5 56. Ra6+ Kf7 57. Ra7+ Ke6 58. Ra6+ Kd7 59. Ra7+
Kc6 60. h4 e4 0-1

[Event "FBL 1"]
[Site "Deutschland"]
[Date "2010.01.17"]
[Round "5.4"]
[White "Erben, Larissa"]
[Black "Hannes, Diana"]
[Result "1-0"]
[WhiteElo "2023"]
[BlackElo "2115"]
[PlyCount "59"]
[EventDate "2009.11.07"]
[EventType "team"]
[EventCountry "GER"]
[WhiteTeam "SV Wolfbusch"]
[BlackTeam "SV Medizin Erfurt"]

1. e4 c5 2. Nf3 e6 3. d4 cxd4 4. Nxd4 a6 5. Nc3 Qc7 6. Bd3 Nc6 7. Be3 Nf6 8.
O-O d6 9. f4 Be7 10. Qf3 Bd7 11. Kh1 b5 12. e5 Nd5 13. Nxd5 exd5 14. Qxd5 O-O
15. Qe4 g6 16. f5 dxe5 17. fxg6 hxg6 18. Nf5 Bxf5 19. Rxf5 Qd7 20. Qf3 Nd4 21.
Bxd4 exd4 22. Rxf7 Rxf7 23. Qxa8+ Kg7 24. Qxa6 Rf6 25. Qxb5 Qg4 26. Qb7 Re6 27.
Rf1 Kh6 28. Qf3 Qh4 29. g3 Qh3 30. Qf4+ 1-0

[Event "FBL 1"]
[Site "Deutschland"]
[Date "2010.01.17"]
[Round "5.5"]
[White "Umpfenbach, Carolin"]
[Black "Djalalova, Nigora"]
[Result "1/2-1/2"]
[WhiteElo "2122"]
[BlackElo "1984"]
[PlyCount "105"]
[EventDate "2009.11.07"]
[EventType "team"]
[EventCountry "GER"]
[WhiteTeam "SV Medizin Erfurt"]
[BlackTeam "SV Wolfbusch"]

1. d4 Nf6 2. c4 g6 3. Nc3 Bg7 4. e4 d6 5. Nge2 O-O 6. f3 e5 7. d5 c6 8. Be3
cxd5 9. cxd5 a6 10. a4 Qa5 11. Nc1 Nbd7 12. Nd3 Nh5 13. Qd2 f5 14. Be2 f4 15.
Bf2 Qd8 16. g4 Nhf6 17. h3 Nb6 18. Nb4 Bd7 19. a5 Nc8 20. Nc2 Ne8 21. Na4 Bf6
22. h4 Bxa4 23. Rxa4 Qd7 24. Ra1 Bd8 25. Bd3 Na7 26. h5 g5 27. Qb4 Nb5 28. Qa4
Rf7 29. Na3 Nxa3 30. Qxd7 Rxd7 31. Rxa3 Rc7 32. Kd2 Rac8 33. b4 Kf7 34. Bb6 Rd7
35. Rc1 Rxc1 36. Kxc1 Nc7 37. Rc3 Na8 38. Bf2 Rc7 39. Kb2 Ke7 40. Kb3 Kd7 41.
Rxc7+ Nxc7 42. Ka4 h6 43. Ba7 Kc8 44. b5 axb5+ 45. Bxb5 Nxb5 46. Kxb5 Kd7 47.
Bf2 Kc8 48. Bb6 Be7 49. a6 Kb8 50. axb7 Kxb7 51. Ba5 Bf6 52. Bb6 Be7 53. Ba5
1/2-1/2